Les 15 plus grands pays du monde - Statistiques

Statistiques générales
  • Ce quiz a été pris 733 fois
  • Le résultat moyen est 12 sur 15
Statistiques - réponses
Superficie Pays % Correct
17 098 246 km² Russie
100%
9 600 000 km² Chine
98%
8 517 767 km² Brésil
96%
9 984 670 km² Canada
96%
7 692 024 km² Australie
91%
3 287 263 km² Inde
91%
9 833 517 km² Etats-Unis d'Amérique
90%
2 381 741 km² Algérie
87%
2 780 400 km² Argentine
83%
1 964 375 km² Mexique
78%
2 344 858 km² République Démocratique du Congo
73%
2 724 902km² Kazakhstan
67%
2 206 714 km² Arabie Saoudite
62%
1 910 931 km² Indonésie
61%
2 210 573 km² Danemark
48%
Aucun quiz correspondant
Distribution des résultats
% des personnes avec chaque résultat
Percentile par nombre de réponses
Votre historique - résultats
Vous n’avez pas pris ce quiz